Antahkarana (Record no. 140269)
[ view plain ]
| 000 -LEADER | |
|---|---|
| fixed length control field | 03381nam a2200217Ia 4500 |
| 003 - CONTROL NUMBER IDENTIFIER | |
| control field | OSt |
| 005 - DATE AND TIME OF LATEST TRANSACTION | |
| control field | 20251118113236.0 |
| 008 - FIXED-LENGTH DATA ELEMENTS--GENERAL INFORMATION | |
| fixed length control field | 210210b2008 xxu||||| |||| 00| 0 eng d |
| 040 ## - CATALOGING SOURCE | |
| Transcribing agency | AL |
| 041 ## - LANGUAGE CODE | |
| Language code of text/sound track or separate title | Kannada |
| 082 ## - DEWEY DECIMAL CLASSIFICATION NUMBER | |
| Classification number | K894.9 YASA |
| 100 ## - MAIN ENTRY--PERSONAL NAME | |
| Personal name | YASHAVANTA CHITTALA |
| Dates associated with a name | ಯಶವಂತ ಚಿತ್ತಾಲ |
| 9 (RLIN) | 165857 |
| 245 ## - TITLE STATEMENT | |
| Title | Antahkarana |
| Remainder of title | ಅಂತಃಕರಣ |
| 260 ## - PUBLICATION, DISTRIBUTION, ETC. | |
| Place of publication, distribution, etc. | Bengaluru |
| Name of publisher, distributor, etc. | Kannada Sangha Kraist Kalej |
| Date of publication, distribution, etc. | 2008 |
| 300 ## - PHYSICAL DESCRIPTION | |
| Extent | x,156 |
| 520 ## - SUMMARY, ETC. | |
| Summary, etc. | ಯಶವಂತ ಚಿತ್ತಾಲರ ಮೂರನೆಯ ಪ್ರಬಂಧ ಸಂಕಲನ ’ಅಂತಃಕರಣ’. ಈ ಸಂಕಲನದಲ್ಲಿ ಮೂರು ಭಾಗಗಳಿವೆ. 'ಸಭಾಂಗಣದಲ್ಲಿ’, 'ಓದುವ ಕೋಣೆಯಲ್ಲಿ' ಮತ್ತು 'ಅಂತರಂಗದ ಆಳದಲ್ಲಿ' ಎಂಬ ಭಾಗಗಳಲ್ಲಿ ಒಟ್ಟು ೧೮ ಲೇಖನಗಳಿವೆ.<br/><br/>ಮನುಷ್ಯ ಕಟ್ಟಿಕೊಂಡ ಬದುಕು ಹಾಗೂ ಅದನ್ನು ಅರಿಯುವುದಕ್ಕೆ ಸಾಹಿತ್ಯ ಸಹಕಾರಿ ಆಗುವ ಬಗೆಗೆ ಇಲ್ಲಿನ ಲೇಖನಗಳು ಚರ್ಚಿಸುತ್ತವೆ. ಚಿತ್ತಾಲರ ಹಿಂದಿನ ಪ್ರಬಂಧ ಸಂಕಲನಗಳಾದ 'ಸಾಹಿತ್ಯ, ಸೃಜನಶೀಲತೆ ಮತ್ತು ನಾನು' (1981) ಹಾಗೂ 'ಸಾಹಿತ್ಯದ ಸಪ್ತಧಾತುಗಳು' (2000) ಕೃತಿಗಳಲ್ಲಿನ ಚರ್ಚೆಯನ್ನು ಮುಂದುವರೆಸುತ್ತವೆ. ಹಾಗೂ ಕೆಲವು ಮುಖ್ಯ ವಾದಗಳನ್ನು ಸಮರ್ಥವಾಗಿ ಮಂಡಿಸುತ್ತವೆ.<br/><br/>ಕೃತಿಯ ಕುರಿತು ವಿಮರ್ಶಕ ಪುರುಷೋತ್ತಮ ಬಿಳಿಮಲೆ ಅವರು ’ಕಲಾಕೃತಿಯೊಂದರ ಅನನ್ಯತೆಯನ್ನು ಯಾವ ಕಾರಣಕ್ಕೂ ಬಿಟ್ಟುಕೊಡದ ಚಿತ್ತಾಲರು ಇಲ್ಲಿನ ಎಲ್ಲ ಲೇಖನಗಳಲ್ಲಿ ಮತ್ತೆ ಮತ್ತೆ ಅದರ ಬಗ್ಗೆ ಬರೆಯುತ್ತಾರೆ. ಒಂದು ಮಾಧ್ಯಮ ಇನ್ನೊಂದು ಮಾಧ್ಯಮಕ್ಕೆ ಸೇರಿದ ಕಾರ್ಯವನ್ನು ಕಸಿದುಕೊಳ್ಳುವುದಿಲ್ಲ. ಕಣ್ಣಿಗೆ ಸಾಧ್ಯವಿದ್ದದ್ದು ಮೂಗಿಗೂ ಹೇಗೆ ಸಾಧ್ಯವಾದೀತು, ಸಾಧ್ಯವಿದ್ದಿದ್ದರೆ ನಮಗೇಕೆ ಕಣ್ಣು ಇರುತ್ತಿತ್ತು? (ಪು. 15) ಎಂದು ಪ್ರಶ್ನಿಸುವ ಅವರು, ಭಾಷೆಯ ಮೂಲಕ ಸಾಹಿತ್ಯ ಕೃತಿಗಳಲ್ಲಿ ಈ ಅನನ್ಯತೆ. ಪ್ರತೀತಗೊಳ್ಳುವ ಪರಿಯನ್ನು ತಾಳ್ಮೆಯಿಂದ ವಿವರಿಸುತ್ತಾರೆ. ಹಾಗೆ ವಿವರಿಸುವಾಗ ಸಂಭವಿಸುವ ಈ ಚೋದ್ಯಕ್ಕೆ ತನಗೇ ತಾನೇ ಚಕಿತಗೊಳ್ಳುತ್ತಾರೆ, ಸಂಭ್ರಮಿಸುತ್ತಾರೆ ಮತ್ತು ಕುತೂಹಲಿಯಾಗುತ್ತಾರೆ’ ಎಂದು ವಿಶ್ಲೇಷಿಸಿದ್ದಾರೆ. |
| 650 ## - SUBJECT ADDED ENTRY--TOPICAL TERM | |
| Topical term or geographic name entry element | Antahkarana |
| 9 (RLIN) | 165858 |
| 690 ## - LOCAL SUBJECT ADDED ENTRY--TOPICAL TERM (OCLC, RLIN) | |
| Topical term or geographic name as entry element | Kannada Criticism |
| 9 (RLIN) | 165859 |
| 906 ## - LOCAL DATA ELEMENT F, LDF (RLIN) | |
| a | 064265 |
| 942 ## - ADDED ENTRY ELEMENTS (KOHA) | |
| Source of classification or shelving scheme | Dewey Decimal Classification |
| Koha item type | Book |
| Withdrawn status | Lost status | Source of classification or shelving scheme | Damaged status | Not for loan | Collection code | Home library | Current library | Shelving location | Date acquired | Source of acquisition | Cost, normal purchase price | Total Checkouts | Full call number | Barcode | Date last seen | Price effective from | Koha item type |
|---|---|---|---|---|---|---|---|---|---|---|---|---|---|---|---|---|---|
| Dewey Decimal Classification | Kannada | St Aloysius Library | St Aloysius Library | 02/17/2021 | Athree Book Centre Balmatta, Mangalore-01 | 110.00 | K894.9 YASA | 064265 | 02/17/2021 | 02/17/2021 | Book |